Trouvez où sont ces gares - Europe - Statistiques

Statistiques générales
  • Ce quiz a été pris 22 fois
  • Le résultat moyen est 9 sur 16
Statistiques - réponses
Par images Réponse % Correct
Londres
95%
Amsterdam
91%
Madrid
86%
Berlin
77%
Milan
73%
Copenhague
64%
Moscou
64%
Prague
64%
Budapest
59%
Kiev
59%
Lisbonne
59%
Helsinki
45%
Anvers
32%
Bâle
32%
Istanbul
23%
Luxembourg
23%
Aucun quiz correspondant
Distribution des résultats
% des personnes avec chaque résultat
Percentile par nombre de réponses
Votre historique - résultats
Vous n’avez pas pris ce quiz